| 000 | 00972nam a22002417a 4500 | ||
|---|---|---|---|
| 001 | 83624 | ||
| 003 | BD-RjUL | ||
| 005 | 20240430162104.0 | ||
| 008 | 240430s2000 bg a|||| m||| 00| 0 eng d | ||
| 035 | _a(BD-RjUL)83624 | ||
| 040 |
_aBD-RjUL _beng _cBD-RjUL _dBD-RjUL |
||
| 041 | _aeng | ||
| 082 |
_223 _a515.7 _bRAP 2000 |
||
| 100 |
_aRahman, Mohammad. Mahbubar _912791 |
||
| 245 | 1 | 0 |
_aPurification,characterization and structure-function analysis of amylase, invertase and B-galactisidase from mango (Mangifera indica L.) / _cBy Mohammad. Mahbubar Rahman ; _6Supervisor : Nurul, Absar |
| 260 |
_aRajshahi : _bDepartment of Biochemistry, University of Rajshahi, _c2000 |
||
| 300 |
_axii, 203 leaves : _bill, ; _c29.cm. |
||
| 502 | _aThesis (Ph. D.) -- Department of Biochemistry, University of Rajshahi, 2000 | ||
| 504 | _aReferences : Leaves 191 - 203 | ||
| 650 |
_aFunctions _vAnalysis _xMango _912792 |
||
| 700 |
_aAbsar, Nurul, Supervisor _93389 |
||
| 942 |
_2ddc _cTHE |
||
| 999 |
_c83624 _d83624 |
||